01607nam a2200373 a 4500001001000000003000500010005001700015008004100032010001100073011001100084040000900095090001000104100003900114245014200153260004100295500006000336502010200396590004100498590004100539590004100580590003900621590003900660650003700699650005200736650003700788650002100825856007000846901000700916942001000923942000600933999001900939952014000958952013501098000108651CHAP20220329144020.0140303s2012 mx a |sm |||||||spa|d a105113 a106085 cCHAP aTesis1 aMiranda de la Cruz, Gladys912568910aEstudio de viabilidad para la engorda de ganado bovino en el municipio de Palenque, Chiapash[En línea]cpor Gladys Miranda de la Cruz. aChapingo, Méx. :bEl autor,c2012. aPara ver el contenido del material haga clic en la liga aTesis (Lic. en Economía Agrícola) -- UACH. División de Ciencias Económico Administrativas aBATCH-UPDb10c20140324lUCH01h1536 aBATCH-UPDb10c20141002lUCH01h0857 aE11695DGDb10c20140305lUCH01h0942 aE792CSJb05c20140303lUCH01h0852 aE792CSJb05c20140303lUCH01h085214aGanado de carnexChiapas.94507414aGanado de carnexCostos de producción.94507714aGanado de carnexEngorda.94508114aPastoreo.985984 aFinding aiduhttp://10.13.5.2/tesis/sist108651.pdfzTeclea aquí aBK cTESIS n0 c105113d105113 00102local4053708TESISaBCbBCcPA_TESISd2014-03-03fTESISl0oTesisp33724002357777r2019-12-31 00:00:00tc.2w2019-12-31yTESIS 00102local4051708TESISaBCbBCcPA_TESISd2014-03-03fTESISl0oTesisp33724002357819r2019-12-31 00:00:00w2014-03-03yTESIS